| 000 | 00703cab a2200229 4500 | ||
|---|---|---|---|
| 001 | WB3324-29 | ||
| 008 | 090401t1997 xxu||||| |||| 00| 0 eng d | ||
| 035 | _a(Sirsi) u79055 | ||
| 041 | _aeng | ||
| 245 | _aPlanning performance checklist | ||
| 260 | _c1997 | ||
| 350 | _a0 | ||
| 490 |
_aDoE News Release _v(212) 13 June 1997, (12) |
||
| 520 | _aThe Planning Minister has published the Planning Performance Checklist for the twelve months ending 30 September 1996. | ||
| 650 | _aLOCAL PLANNING AUTHORITIES | ||
| 650 | _aPLANNING APPLICATIONS | ||
| 650 | _aPLANNING PERFORMANCE CHECKLIST | ||
| 650 | _aSTATISTICS | ||
| 690 | _aPLANNING LAW AND PRACTICE | ||
| 942 | _n0 | ||
| 948 | _c19/06/1997 | ||
| 999 |
_c49671 _d49671 |
||